| 000 | 04754cam a22006734i 4500 | ||
|---|---|---|---|
| 003 | PE-LiUPU | ||
| 005 | 20250731180116.0 | ||
| 008 | 181119s2011 sp a rb 001 0 spa | ||
| 020 | _a9786070503016 | ||
| 035 | _a(Sirsi) a250696 | ||
| 040 |
_aPE-LiUPU _bspa _cPE-LiUPU _erda |
||
| 049 | _aPRUA | ||
| 082 | 0 | 4 |
_a515 _bB24 _220 |
| 100 | 1 |
_aBartoll Arnau, Salud, _eautor. |
|
| 245 | 1 | 0 |
_aFundamentos matemáticos en arquitectura / _cSalud Bartoll Arnau, José Bonet Solves y María del Carmen Gómez Collado. |
| 250 | _aPrimera edición. | ||
| 264 | 1 |
_aMéxico D.F. : _bLimusa Noriega, _c 2011. |
|
| 300 |
_ax, 294 páginas : _bilustraciones ; _c24 centímetros |
||
| 336 |
_atext _2rdacontent |
||
| 337 |
_aunmediated _2rdamedia |
||
| 338 |
_avolume _2rdacarrier |
||
| 504 | _aBibliografía : páginas 293-294. | ||
| 504 | _aÍndice : páginas 287-291. | ||
| 505 | 0 | _aCálculo aproximado de raíces de ecuaciones -- Estudio gráfico de las raíces de una ecuación -- Aislamiento de las raíces de una ecuación -- Aproximación a la raíz -- Integración -- Integral de Riemann -- Integración numérica -- Matrices y sistemas de ecuaciones -- Matrices elementales -- Método de Gauss -- Método de Gauss-Jordan. Inversa de una matriz -- Métodos iterativos -- Espacios vectoriales -- Espacios vectoriales real -- Combinaciones lineales -- Bases -- Subespacio vectorial -- Aplicaciones lineales -- Aplicación lineal -- Núcleo e imagen de una aplicación lineal -- Operaciones con aplicaciones lineales -- Ejemplos de aplicaciones lineales en el plano -- Espacio vectorial euclídeo -- Producto escalar -- Norma de un vector -- Ángulo de dos vectores -- Ortogonalidad -- Proceso de ortonormalización de Gram-Schmidt -- Factorización QR -- Matrices ortogonales -- Ortogonal de un Subespacio -- Diagonalización -- Valores propios y vectores propios de una matriz -- Matrices diagonalizables -- Diagonalización de matrices simétricas -- Aplicaciones de la Diagonalización de matrices -- Cónicas -- Funciones reales de varias variables -- Funciones reales de varias variables reales: campos escalares y vectoriales -- Continuidad -- Derivadas direccionales. Derivadas parciales -- Diferenciabilidad -- Derivadas sucesivas -- Divergencia y rotacional -- Regla de la cadena -- Extremos de funciones -- Extremos absolutos -- Extremos relativos -- Clasificación de extremos relativos -- Ecuaciones diferenciales de primer orden -- Ecuaciones diferenciales ordinarias -- E.D.O. lineales de primer orden -- E.D.O. de Bernouilli -- E.D.O. no lineales de primer orden -- E.D.O. de variables separadas -- Aplicaciones de las ecuaciones diferenciales ordinarias -- Ecuaciones diferenciales de segundo orden -- E.D.O. lineales de segundo orden -- Ecuación homogénea -- Solución general de la ecuación completa -- Solución particular de la ecuación diferencial completa de orden 2 con coeficientes constantes -- Aplicaciones -- Introducción a la probabilidad -- Experimento aleatorio. Espacio muestral -- Sucesos. Operaciones con sucesos -- Probabilidad -- Probabilidad condicionada -- Probabilidad total -- Teorema de Bayes. | |
| 526 | _aSEG44 | ||
| 526 | _aSEG26 | ||
| 526 | _aP159 | ||
| 526 | _aP155 | ||
| 526 | _aP154 | ||
| 526 | _aP153 | ||
| 526 | _aP150 | ||
| 526 | _aP100 | ||
| 526 | _aP31 | ||
| 526 | _aP30 | ||
| 526 | _aP26 | ||
| 526 | _aP25 | ||
| 526 | _aP24 | ||
| 526 | _aP22 | ||
| 526 | _aP15 | ||
| 526 | _aP10 | ||
| 541 | _g002-00000605; | ||
| 650 | 0 | 4 |
_aArquitectura _xMatématicas. |
| 650 | 0 | 4 |
_aCálculo integral _xProblemas y ejercicios, etc. |
| 650 | 0 | 4 |
_aCurvas en ingienería _xProblemas y ejercicios, etc. |
| 650 | 0 | 4 |
_aEcuaciones diferenciales. _9176 |
| 650 | 0 | 4 |
_aAnálisis matemático _95276 |
| 700 | 1 |
_aBonet Solves, José, _eautor. |
|
| 700 | 1 |
_aGómez Collado, María del Carmen, _eautor. |
|
| 710 | 2 |
_aUniversidad Politécnica de Valencia, _eeditor. |
|
| 910 |
_adbm _bcsm _ccsm _d20181119 |
||
| 910 |
_armch _btqv _cjfb _d20181210 |
||
| 942 |
_2ddc _cBOOK |
||
| 949 |
_a515 B24 2011 _wDEWEY _c1 _iFJ12183 _lCCODEBUJ1 _mBUJ _p26.94 _r0 _sY _tBOOK _u2018-12-10 _xINGENIERIA _PP25 _0COMPRA _o.STAFF. Colección General Juliaca |
||
| 994 |
_aC0 _bPEPRU |
||
| 596 | _a1 3 | ||
| 999 |
_a515 B24 _wDEWEY _c30172 _i79152 _f2021-11-9 _g4 _lCCODEBUL1 _mBUL _p26.94 _r0 _sY _tBOOK _u2018-11-19 _xINGENIERIA _PP06 _0COMPRA _1FCOMPR2 _o.STAFF. Colección Ingeniería y Arquitectura _d30172 |
||
| 999 |
_a515 B24 2011 _wDEWEY _c1 _iFJ12183 _f2022-1-19 _g3 _lCCODEBUJ1 _mBUJ _p26.94 _r0 _sY _tBOOK _u2018-12-10 _xINGENIERIA _PP25 _0COMPRA _o.STAFF. Colección General Juliaca |
||
| 980 |
_81 _gALBERTO SANCHEZ Responsable de Automatización |
||